|
|
|
|
| LEADER |
00855nam a2200265 4500 |
| 001 |
DLU090102706 |
| 005 |
##20091224 |
| 040 |
# |
# |
|a DLU
|b vie
|
| 041 |
# |
# |
|a vie
|
| 044 |
# |
# |
|a vn
|
| 100 |
# |
# |
|a Nguyễn Thế Tràm,
|c PGS.TS.
|
| 245 |
# |
# |
|a Phát triển các khu kinh tế, khu công nghiệp các tỉnh duyên hải miền Trung những vấn đề cần quan tâm /
|c Nguyễn Thế Tràm.
|
| 653 |
# |
# |
|a Khu công nghiệp
|
| 653 |
# |
# |
|a Khu vực kinh tế
|
| 653 |
# |
# |
|a Phát triển kinh tế
|
| 773 |
# |
# |
|t Quản lí nhà nước
|g Số 5(148), 2008, tr. 44-48
|
| 920 |
# |
# |
|a Phòng Tạp chí -- Trung tâm Thông tin - Thư viện Trường Đại học Đà Lạt
|
| 994 |
# |
# |
|a DLU
|
| 900 |
# |
# |
|a True
|
| 911 |
# |
# |
|a Nguyễn Thị Linh Chi
|
| 925 |
# |
# |
|a G
|
| 926 |
# |
# |
|a A
|
| 927 |
# |
# |
|a BB
|
| 980 |
# |
# |
|a Thư viện Trường Đại học Đà Lạt
|